ABC of clinical haematology / (Record no. 5063)

MARC details
000 -LEADER
fixed length control field 01591cam a22004094a 4500
001 - CONTROL NUMBER
control field 14609566
003 - CONTROL NUMBER IDENTIFIER
control field OSt
005 - DATE AND TIME OF LATEST TRANSACTION
control field 20160822175559.0
008 - FIXED-LENGTH DATA ELEMENTS--GENERAL INFORMATION
fixed length control field 061023s2007 maua b 001 0 eng
010 ## - LIBRARY OF CONGRESS CONTROL NUMBER
LC control number 2006035608
016 7# - NATIONAL BIBLIOGRAPHIC AGENCY CONTROL NUMBER
Record control number 101290551
Source DNLM
020 ## - INTERNATIONAL STANDARD BOOK NUMBER
International Standard Book Number 9781405153539
020 ## - INTERNATIONAL STANDARD BOOK NUMBER
International Standard Book Number 1405153539
035 ## - SYSTEM CONTROL NUMBER
System control number (OCoLC)ocm74492146
035 ## - SYSTEM CONTROL NUMBER
System control number (OCoLC)74492146
040 ## - CATALOGING SOURCE
Original cataloging agency DNLM/DLC
Transcribing agency DLC
Modifying agency NLM
-- BAKER
-- BTCTA
-- C#P
-- YDXCP
-- BWK
-- DLC
042 ## - AUTHENTICATION CODE
Authentication code pcc
082 ## - DEWEY DECIMAL CLASSIFICATION NUMBER
Classification number WH 100
Item number A134d 2007
245 00 - TITLE STATEMENT
Title ABC of clinical haematology /
Statement of responsibility, etc. edited by Drew Provan.
250 ## - EDITION STATEMENT
Edition statement 3rd ed.
260 ## - PUBLICATION, DISTRIBUTION, ETC. (IMPRINT)
Place of publication, distribution, etc. Malden, Mass. :
Name of publisher, distributor, etc. Blackwell Pub. :
-- BMJ Books,
Date of publication, distribution, etc. 2007.
300 ## - PHYSICAL DESCRIPTION
Extent ix, 99 p. :
Other physical details col.ill ;
Dimensions 28 cm.
490 1# - SERIES STATEMENT
Series statement ABC series
504 ## - BIBLIOGRAPHY, ETC. NOTE
Bibliography, etc Includes bibliographical references and index.
650 #0 - SUBJECT ADDED ENTRY--TOPICAL TERM
Topical term or geographic name as entry element Hematology
Form subdivision Outlines, syllabi, etc.
9 (RLIN) 10858
650 12 - SUBJECT ADDED ENTRY--TOPICAL TERM
Topical term or geographic name as entry element Hematologic Diseases
General subdivision diagnosis.
9 (RLIN) 10859
650 12 - SUBJECT ADDED ENTRY--TOPICAL TERM
Topical term or geographic name as entry element Hematologic Diseases
General subdivision physiopathology.
9 (RLIN) 911
650 12 - SUBJECT ADDED ENTRY--TOPICAL TERM
Topical term or geographic name as entry element Hematologic Diseases
General subdivision therapy.
9 (RLIN) 10860
700 1# - ADDED ENTRY--PERSONAL NAME
Personal name Provan, Drew,
9 (RLIN) 10861
830 #0 - SERIES ADDED ENTRY--UNIFORM TITLE
Uniform title ABC series (Malden, Mass.)
9 (RLIN) 10862
856 41 - ELECTRONIC LOCATION AND ACCESS
Materials specified Table of contents only
Uniform Resource Identifier http://www.loc.gov/catdir/toc/ecip073/2006035608.html
856 42 - ELECTRONIC LOCATION AND ACCESS
Materials specified Contributor biographical information
Uniform Resource Identifier http://www.loc.gov/catdir/enhancements/fy0802/2006035608-b.html
856 42 - ELECTRONIC LOCATION AND ACCESS
Materials specified Publisher description
Uniform Resource Identifier http://www.loc.gov/catdir/enhancements/fy0802/2006035608-d.html
906 ## - LOCAL DATA ELEMENT F, LDF (RLIN)
a 7
b cbc
c orignew
d 1
e ecip
f 20
g y-gencatlg
942 ## - ADDED ENTRY ELEMENTS (KOHA)
Source of classification or shelving scheme Other/Generic Classification Scheme
Koha item type Open Shelf
Holdings
Withdrawn status Lost status Source of classification or shelving scheme Damaged status Not for loan Home library Current library Date acquired Source of acquisition Inventory number Total Checkouts Full call number Barcode Date last seen Price effective from Koha item type
    Other/Generic Classification Scheme     MUST Main Library MUST Main Library 22/08/2016   2012/35814   WH 100 A134d 2007 2016-3795 22/08/2016 22/08/2016 Open Shelf
    Other/Generic Classification Scheme     MUST Main Library MUST Main Library 22/08/2016   2008/31066   WH 100 A134d 2007 2016-3796 22/08/2016 22/08/2016 Open Shelf
    Other/Generic Classification Scheme     MUST Main Library MUST Main Library 22/08/2016   2012/35815   WH 100 A134d 2007 2016-3797 22/08/2016 22/08/2016 Open Shelf
    Other/Generic Classification Scheme     MUST Main Library MUST Main Library 22/08/2016   2012/35817   WH 100 A134d 2007 2016-3798 22/08/2016 22/08/2016 Open Shelf